La Russie ou le Vatican ? - Statistiques

Statistiques générales
  • Ce quiz a été pris 80 fois
  • Le résultat moyen est 8 sur 15
Statistiques - réponses
Question Réponse % Correct
Possède une station de radio ? Les deux
88%
A un drapeau contenant du bleu, du blanc et du rouge ? La Russie
87%
Est le plus densément peuplé ? Le Vatican
83%
A déjà participé à l'Eurovision ? La Russie
79%
L'euro y est la monnaie officielle ? Le Vatican
76%
Faisait partie de l'Axe durant la Seconde Guerre Mondiale ? Aucun des deux
67%
A le taux de mortalité le plus élevé ? La Russie
64%
A déclaré son indépendance le plus tôt ? Le Vatican
49%
Possède du territoire le plus au sud ? La Russie
45%
Est celui qui nécessite de traverser le moins de pays différent pour se rendre, à pied, en Allemagne ? La Russie
45%
Possède une équipe officielle de football ? Les deux
38%
Se définit comme un État laïc ? La Russie
36%
Est, en superficie, celui dont la taille se rapproche le plus de celle de l'Inde. Le Vatican
30%
A plusieurs langues officielles ? Le Vatican
28%
L'homosexualité y est pénalisée ? Aucun des deux
7%
Aucun quiz correspondant
Distribution des résultats
% des personnes avec chaque résultat
Percentile par nombre de réponses
Votre historique - résultats
Vous n’avez pas pris ce quiz